01311nam a2200337Ia 4500001001200000003000800012006001900020007001500039008004100054010001700095020002200112040002100134035002100155050002900176082001400205100001800219245006600237246003100303260005300334300002700387500006100414500002000475533015200495650002300647650007000670650004400740655002900784710001700813856012600830999001700956ebr10082053CaPaEBRm u cr cn|||||||||050124s2005 maua s 001 0 eng d z 2005921045 z1592007929 (pbk.) aCaPaEBRcCaPaEBR a(OCoLC)55983892314aTK5105.5b.D38255 2005eb04a004.62221 aDean, Tamara.10aNetwork+ 2005 in depthh[electronic resource] /cTamara Dean.3 aNetwork plus 2005 in depth aBoston, MA :bThomson Course Technology,cc2005. axxviii, 859 p. :bill. a"CoursePrep exam guide available on companion Web site." aIncludes index. aElectronic reproduction.bPalo Alto, Calif. :cebrary,d2009.nAvailable via World Wide Web.nAccess may be limited to ebrary affiliated libraries. 0aComputer networks. 0aElectronic data processing personnelxExaminationsvStudy guides. 0aLocal area networks (Computer networks) 7aElectronic books.2local2 aebrary, Inc.40uhttp://site.ebrary.com/lib/rucke/Doc?id=10082053zAn electronic book accessible through the World Wide Web; click to view c55210d55210